| 000 | 00571nam a22001937a 4500 | ||
|---|---|---|---|
| 005 | 20160630134021.0 | ||
| 010 | _aENG-115314 | ||
| 020 |
_a9789351437918 _c130.00 |
||
| 035 | _aEN-98846 | ||
| 037 | _bDBAD/PUB | ||
| 082 | _a346.5402 | ||
| 100 | _aRoser S.R.A. | ||
| 245 |
_aLaw of contract-II / _cby Rosedar S.R.A. |
||
| 250 | _a2nd edition | ||
| 260 |
_aGurgaon _bLexis Nexis _c2016 |
||
| 270 |
_a14th floor,Building No-10,Tower-B,DLF Cyber City,Phase-II _bGurgaon _e122002 |
||
| 300 |
_axviii,175p. _c22cm(Hb) |
||
| 942 |
_2ddc _cEN _mROS _h346.5402 |
||
| 999 |
_c100786 _d100786 |
||